000 00660nam a2200205 a 4500
001 000011092
005 20240412074223.0
008 091014s1992 dr r 000 p spa d
040 _aDO-SdBNP
_bspa
_cBNPHU
082 _aRD861.44
_bS232po
100 1 _aSantana Jiménez, Elio
_926589
245 1 0 _aPoemas de ilusión /
_cElio Santana Jiménez.
260 _aSanto Domingo :
_bÁngel,
_c1992.
300 _a34 p. ;
_c22 cm.
500 _aIncluye datos biográficos del autor en la contracubierta.
590 _aInventariado, 2020/BT
650 0 _aPoesía dominicana
_966
650 0 _aLiteratura dominicana.
_967
910 _aValidado. Control de calidad MFF
999 _c10817
_d10817